[Event "FRA-ch Youth 2017"]
[Site "Belfort"]
[Date "2017.04.18"]
[Round "4"]
[White "Afraoui, Anaelle"]
[Black "Retailleau, Elise"]
[Result "0-1"]
[WhiteElo "1977"]
[BlackElo "1946"]
[Annotator "NA RC"]
[PlyCount "88"]
[EventDate "2017.??.??"]
[EventCountry "FRA"]
[SourceTitle "playchess.com"]
[Source "ChessBase"]
[SourceQuality "1"]
[TimeControl "5400+30"]

{[%evp 8,88,5,32767,32767,32767,32767,32767,32767,32767,32767,25,46,32,40,-17,-10,-27,0,-28,-21,-27,-39,-58,-64,-50,-37,-40,-37,-50,-33,-39,-67,-276,-214,-214,0,-52,-62,-69,-37,-539,-569,-577,-571,-579,-344,-569,-585,-857,-555,-956,-1123,-952,-1121,-29980,-2126,-1745,868,-29983,-955,-1204,-320,-387,-331,-502,-425,-653,-634,32767,-1148,-29982,-29986,-29983,-29987,-29984,-29988,-29988,-29980,-29976,-29977,-29982,-29982]} 1. e4 {[%emt 0:00:00]} c5 {[%emt 0:00:21]} 2. Nf3 {[%emt 0:00:00]} Nc6 {[%emt 0:00:18]} 3. d4 {[%emt 0:00:03]} cxd4 {[%emt 0:00:17]} 4. Nxd4 {[%emt 0:00:07]} e5 {[%emt 0:00:21]} 5. Nb5 {[%emt 0:01:10]} d6 {[%emt 0:00:38]} 6. N1c3 {[%emt 0:03:10]} a6 {[%emt 0:00:40]} 7. Na3 {[%emt 0:00:16]} b5 {[%emt 0:00:29]} 8. Nd5 {[%emt 0:01:25]} Nge7 {[%emt 0:00:38]} 9. c4 {[%emt 0:05:05]} Nxd5 {[%emt 0:01:46] B32: Sicilian: Löwenthal and Kalashnikov Variations} (9... Nd4 10. Be3 Nxd5 11. exd5 Nf5 12. cxb5 Nxe3 13. fxe3 Qh4+ 14. g3 Qe4 15. Qc2 Qxe3+ 16. Be2 Bd7 17. bxa6 Be7 18. Qd2 Qe4 19. O-O O-O {1-0 (39) Gabrielian,A (2532)-Adhiban,B (2682) Moscow 2017}) 10. exd5 {[%emt 0:05:46]} Nd4 {[%emt 0:01:50] LiveBook: 51 Games} 11. Nc2 {[%emt 0:04:53]} ({White should try} 11. cxb5 $14 Be7 12. Bd3) 11... Nxc2+ {[%emt 0:08:53]} (11... Bg4 $5 12. Qd2 $8 Nxc2+ 13. Qxc2 bxc4 $11) 12. Qxc2 {[%emt 0:00:08]} Bd7 {[%emt 0:01:38]} 13. cxb5 {[%emt 0:03:34]} axb5 {[%emt 0:09:07]} 14. Bd3 {[%emt 0:00:44]} g6 {[%emt 0:01:33]} 15. h4 $146 {[%emt 0:05:53]} (15. O-O Bg7 16. Bd2 O-O 17. Qb3 Qb6 18. a4 Qd4 19. Be3 bxa4 20. Bxd4 axb3 {0-1 (56) Petkovic,R (2293)-Pap,M (2416) Backa Palanka 2001}) 15... f5 {[%emt 0:09:28]} 16. Bg5 {[%emt 0:11:29]} Qa5+ {[%emt 0:07:02]} 17. Kf1 {[%emt 0:02:44]} Kf7 {[%emt 0:07:58]} 18. h5 {[%emt 0:07:09]} Bg7 {[%emt 0:01:51]} 19. g4 {[%emt 0:05:37]} e4 {[%emt 0:11:00]} 20. Bxe4 $2 {[%emt 0:05:01]} (20. Re1 $15) 20... fxe4 {[%emt 0:07:47]} 21. Qxe4 {[%emt 0:00:08]} Rae8 $2 {[%emt 0:01:10]} ({Wrong is} 21... Bxb2 $2 22. Qe7+ Kg8 23. Qxd7 $18) (21... Kg8 $19 {And now ...Re8 would win.} 22. hxg6 hxg6 23. Rxh8+ Kxh8 24. Qxg6 Qa4) 22. Qf4+ {[%emt 0:01:57]} Kg8 {[%emt 0:02:16]} 23. hxg6 {[%emt 0:01:25]} Rf8 $1 {[%emt 0:08:14]} 24. Qe3 $2 {[%emt 0:19:01]} (24. Qxd6 $15 Bxg4 25. Be7 (25. gxh7+ Rxh7 26. Rxh7 Kxh7 27. Qh2+ Kg6 $19)) 24... Qb4 {[%emt 0:07:02]} (24... Bxb2 25. gxh7+ Rxh7 26. Rxh7 Kxh7 27. Qe7+ Kg8 28. Qxd7 Bxa1 29. Qe6+ Rf7 30. Qe8+ Kg7 {[#]} 31. Bh6+ $1 {[%mdl 512]} Kxh6 32. Qxf7 $17) 25. gxh7+ {[%emt 0:14:30]} Rxh7 {[%emt 0:00:24]} 26. Rxh7 {[%emt 0:00:36]} Kxh7 {[%emt 0:00:25]} 27. f4 {[%emt 0:00:59]} (27. Re1 $142 Qc4+ 28. Kg1) 27... Bxg4 {[%emt 0:05:02]} 28. Qd3+ {[%emt 0:00:37]} Kg8 {[%emt 0:00:52]} 29. Qg3 {[%emt 0:00:27]} Qc4+ {[%emt 0:01:57]} ({Not} 29... Bxb2 30. Qxg4 Qc4+ 31. Kg1 Qd4+ 32. Kh2 Qd2+ 33. Kg3 (33. Kg1 Qe3+ 34. Kh2 Bxa1 35. Bf6+ (35. Bh6+ $2 Kf7 36. Qf5+ Bf6 37. Bxf8 Qf2+ 38. Kh3 Qh4+ 39. Kg2 Kxf8 $19) 35... Kf7 36. Qg7+ Ke8 37. Qg6+ Kd7 38. Qg7+ Ke8 39. Qg6+ Rf7 40. Qg8+ Rf8 41. Qg6+ $11) 33... Qd3+ 34. Kh4 Qh7+ 35. Kg3 Qd3+ 36. Kh4 Qh7+ 37. Kg3 Qd3+ $11) 30. Kg1 {[%emt 0:00:27]} Bd4+ {[%emt 0:01:32]} 31. Kh1 {[%emt 0:00:31]} Qxd5+ {[%emt 0:00:37]} 32. Kh2 {[%emt 0:00:27]} Be6 $4 {[%emt 0:01:28]} ({Less strong is} 32... Bxb2 33. Qxg4 Bxa1 34. Bh6+ Kh8 35. Bxf8 $17) (32... Qf5 $19 33. Rg1 Qh7+ 34. Bh4 Bxg1+ 35. Kxg1 Qb1+ 36. Kh2 Qxb2+ 37. Qf2 Qc3) 33. Bh6+ {[%emt 0:00:35]} (33. Bf6+ $18 Bg4 34. Qxg4+ Kf7 35. Qg7+ Ke6 36. Re1+ Be5 37. Bxe5 Qd2+ 38. Kh3 Qxe1 39. Qg6+ (39. Qxf8 dxe5 40. Qg8+ Kd6 41. Qg6+ Kd5 42. Qd3+ Ke6 $16) 39... Kd5 40. Qd3+ Kc6 41. Qxd6+ Kb7 42. Qd7+ Ka8 43. Qc6+ (43. Qxb5 Qh1+ 44. Kg3 Rg8+ 45. Kf2 Qg1+ 46. Kf3 Qh1+ 47. Ke3 Qc1+ 48. Ke4 Qb1+ 49. Kf3 Qd1+ 50. Ke4 Qb1+ 51. Kd5 Qxa2+ 52. Kd6 Rg6+ 53. Kc5 Qa7+ 54. Kd5 Qa2+ 55. Kd4 Rg8 $16) 43... Ka7 44. Bd4+ (44. Qxb5 Qe3+ 45. Kg4 Rg8+ 46. Kf5 Rf8+ 47. Kg4 (47. Bf6 Qd4 $11) 47... Rg8+ 48. Kf5 Rf8+ 49. Kg4 $14) 44... Kb8 45. Be5+ Ka7 46. Qc5+ Ka6 47. Qxf8) 33... Kh7 {[%emt 0:00:35]} (33... Kf7 $142 34. f5 Qxf5 35. Rf1 Qxf1 36. Qf4+ Qxf4+ 37. Bxf4 Rg8 38. Bg3 Be5 39. Kg1 Bxg3 40. Kf1 Bc4+ 41. Kg2 Bd5+ 42. Kh3 Bf2 43. b3 Bf3 44. Kh2 Rh8#) 34. Qh4 {[%emt 0:00:29]} Bg7 $2 {[%emt 0:00:51]} (34... Rh8 35. Rf1 Qe4) 35. Bxg7+ {[%emt 0:00:20]} Kxg7 {[%emt 0:00:05]} 36. Rg1+ {[%emt 0:00:05]} (36. Qe7+ $142 Rf7 37. Rg1+ Kh6 38. Qg5+ Qxg5 39. Rxg5) 36... Kf7 {[%emt 0:00:16]} 37. Qh7+ {[%emt 0:00:55]} (37. Qh6 $142) 37... Ke8 {[%emt 0:00:14]} 38. Rg2 {[%emt 0:00:35]} Qd4 {[%emt 0:01:15]} 39. Rg7 {[%emt 0:00:40]} Qxf4+ {[%emt 0:00:18]} 40. Rg3 {[%emt 0:00:20]} Rg8 {[%emt 0:01:24]} 41. Qh5+ {[%emt 0:00:24]} Kd8 {[%emt 0:00:43]} 42. Qf3 {[%emt 0:00:28]} Qxg3+ {[%emt 0:00:08]} 43. Qxg3 {[%emt 0:00:05]} Rxg3 {[%emt 0:00:04]} 44. Kxg3 {[%emt 0:00:04]} Bxa2 {[%emt 0:00:03]} 0-1

[Event "FRA-ch Youth 2017"]
[Site "Belfort"]
[Date "2017.04.18"]
[Round "4"]
[White "Rollot, Florence"]
[Black "Mutzel, Annabelle"]
[Result "1-0"]
[WhiteElo "1973"]
[BlackElo "1607"]
[Annotator "NA RC"]
[PlyCount "73"]
[EventDate "2017.??.??"]
[EventCountry "FRA"]
[SourceTitle "playchess.com"]
[Source "ChessBase"]
[SourceQuality "1"]
[TimeControl "5400+30"]

{[%evp 16,71,-8,-22,4,-20,-17,-21,-20,-23,-2,0,5,-2,8,12,105,25,87,65,99,100,93,87,181,190,195,193,242,272,300,292,226,269,393,433,425,421,476,558,504,618,645,645,608,-39,-10,74,-9,-36,-31,-37,5712,29978,29988,29989,29991,1365]} 1. Nf3 {[%emt 0:00:00]} d5 {[%emt 0:00:07]} 2. g3 {[%emt 0:00:00]} Nf6 {[%emt 0:00:27]} 3. Bg2 {[%emt 0:00:05]} Bg4 {[%emt 0:01:34]} 4. O-O {[%emt 0:00:35]} e6 {[%emt 0:00:22]} 5. c4 {[%emt 0:00:32]} c6 {[%emt 0:00:26]} 6. d3 {[%emt 0:01:14]} Be7 {[%emt 0:02:19]} 7. a3 {[%emt 0:02:25] A11: English Opening: 1...c6} (7. cxd5 Bxf3 8. Bxf3 cxd5 9. b3 Nc6 10. Bb2 O-O 11. e3 Rc8 12. a3 Ne8 13. d4 Nd6 14. Qd3 Na5 {½-½ (56) Nakamura,H (2785)-Adams,M (2751) Sharjah 2017}) 7... Nbd7 {[%emt 0:04:01]} 8. Nc3 {[%emt 0:03:42]} O-O $146 {[%emt 0:04:31]} (8... a5 9. Qc2 O-O 10. b3 Qc7 11. h3 Bh5 12. Bb2 Rfd8 13. Rfc1 Rac8 14. Na4 c5 15. cxd5 exd5 {½-½ (29) Grigoriev,I (2191)-O'Neill Y Daneiko,J (2084) Alicante 2010}) 9. Bf4 {[%emt 0:02:37]} Bxf3 {[%emt 0:05:34]} 10. Bxf3 {[%emt 0:01:33]} e5 {[%emt 0:00:34]} 11. Bd2 {[%emt 0:00:42]} d4 {[%emt 0:00:38]} 12. Ne4 {[%emt 0:02:20]} Nxe4 {[%emt 0:01:44]} 13. Bxe4 {[%emt 0:00:21]} f5 {[%emt 0:00:07]} 14. Bg2 {[%emt 0:00:47]} f4 {[%emt 0:11:04]} 15. b4 {[%emt 0:04:31]} g5 {[%emt 0:27:31]} (15... Qe8 $11) 16. Qb3 {[%emt 0:10:21]} (16. e3 $16) 16... Nf6 {[%emt 0:02:48]} (16... Kg7 $11) 17. b5 {[%emt 0:04:26]} Qd7 {[%emt 0:01:06]} 18. bxc6 {[%emt 0:03:04]} bxc6 {[%emt 0:00:06]} 19. Rab1 {[%emt 0:02:54]} Rab8 {[%emt 0:05:28]} (19... Qe6 $16) 20. Qxb8 {[%emt 0:07:01]} Rxb8 {[%emt 0:00:10]} 21. Rxb8+ {[%emt 0:00:06]} Kg7 {[%emt 0:00:00] [#]} 22. Rfb1 $1 {[%emt 0:00:45]} Kg6 {[%emt 0:15:48]} 23. R8b7 {[%emt 0:03:24]} Qe6 {[%emt 0:01:50]} 24. Rxa7 {[%emt 0:07:47]} fxg3 {[%emt 0:00:59]} 25. hxg3 {[%emt 0:01:53]} ({Less strong is} 25. fxg3 e4 26. Rf1 (26. Rbb7 Bf8 $18) 26... h6 $18) 25... e4 {[%emt 0:02:43]} 26. Rbb7 {[%emt 0:12:10]} e3 {[%emt 0:00:59]} 27. fxe3 {[%emt 0:01:58]} ({Not} 27. Rxe7 $2 Qxe7 28. Rxe7 exd2 29. Bxc6 (29. Be4+ $2 Nxe4 30. Rxe4 d1=Q+ 31. Kg2 Kf6 $19) 29... d1=Q+ 30. Kg2 Qb1 31. Be4+ Nxe4 32. Rxe4 Qb7 $19) 27... dxe3 {[%emt 0:00:05] [#]} 28. Be1 $1 {[%emt 0:03:27]} ({Don't take} 28. Rxe7 $2 Qxe7 29. Rxe7 exd2 30. Bxc6 d1=Q+ 31. Kg2 h5 $19) 28... Bd6 {[%emt 0:05:58]} 29. Rg7+ {[%emt 0:09:36]} ({Not} 29. Bxc6 Bxg3 30. Rg7+ (30. Bxg3 Qg4 31. Rg7+ Kh6 $11) 30... Kh6 $16) 29... Kh6 {[%emt 0:00:24] [#]} 30. Be4 $2 {[%emt 0:08:49]} ({Not} 30. Bxc6 Bb8 31. Bd5 Qe5 $11) (30. Bc3 $1 $18 Qf5 31. Raf7) 30... Nxe4 {[%emt 0:00:11]} 31. Rxh7+ {[%emt 0:00:19]} (31. dxe4 Qxc4 32. Rxh7+ Kg6 $11) 31... Kg6 {[%emt 0:00:06]} 32. Rag7+ {[%emt 0:04:09]} Kf5 {[%emt 0:00:15]} 33. dxe4+ {[%emt 0:00:24]} Kxe4 $2 {[%emt 0:00:25]} (33... Qxe4 $15 34. Rh5 Be7) 34. Rxg5 {[%emt 0:00:27]} Qf5 {[%emt 0:04:18]} 35. Rh4+ {[%emt 0:00:47]} Ke5 {[%emt 0:00:18]} 36. Bc3+ $18 {[%emt 0:00:10]} Ke6 {[%emt 0:00:04]} 37. Rh6+ {[%emt 0:00:08]} 1-0

[Event "FRA-ch Youth 2017"]
[Site "Belfort"]
[Date "2017.04.18"]
[Round "4"]
[White "Guerin, Juliette"]
[Black "Chachiachvili, Mariam"]
[Result "1/2-1/2"]
[WhiteElo "1945"]
[BlackElo "1742"]
[Annotator "NA RC"]
[PlyCount "105"]
[EventDate "2017.??.??"]
[EventCountry "FRA"]
[SourceTitle "playchess.com"]
[Source "ChessBase"]
[SourceQuality "1"]
[TimeControl "5400+30"]

{[%evp 12,103,-7,32767,32767,-6,32767,32767,55,11,32767,52,42,62,47,0,73,57,95,93,98,40,60,24,25,26,46,38,38,28,64,56,89,67,64,35,53,0,0,0,21,22,23,0,0,0,20,15,33,33,63,73,71,61,56,66,70,60,86,42,52,54,37,25,56,62,83,25,30,0,42,35,36,44,45,8,3,32767,32767,0,32767,32767,0,-13,0,0,105,-6,-8,-11,-4,-4,0,0]} 1. e4 {[%emt 0:00:00]} e5 {[%emt 0:00:05]} 2. Nf3 {[%emt 0:00:00]} Nc6 {[%emt 0:00:05]} 3. d4 {[%emt 0:00:00]} exd4 {[%emt 0:00:08]} 4. Nxd4 {[%emt 0:00:00]} Nf6 {[%emt 0:00:20]} 5. Nxc6 {[%emt 0:00:07]} bxc6 {[%emt 0:00:08]} 6. Qe2 {[%emt 0:00:10] C45: Scotch Game} (6. Nd2 d5 7. exd5 cxd5 8. Bb5+ Bd7 9. Bxd7+ Qxd7 10. O-O Be7 11. b3 O-O 12. Bb2 Qf5 13. Nf3 Rfe8 14. Qd3 Qxd3 15. cxd3 {½-½ (30) Ivanchuk,V (2732)-Hou,Y (2649) Shenzhen 2017}) 6... Bc5 {[%emt 0:12:09]} 7. e5 {[%emt 0:02:03]} Nd5 {[%emt 0:01:05]} 8. c4 {[%emt 0:00:35]} Nb6 {[%emt 0:00:19]} 9. Qg4 {[%emt 0:08:27]} Rg8 $146 {[%emt 0:04:55]} (9... Kf8 $11) (9... g6 10. Bg5 Be7 11. Bh6 d5 12. Qf3 Bg5 13. Bg7 Rg8 {0-1 (67) Perez,M (2428)-Krysa,L (2496) Vicente Lopez 2016}) 10. Qe4 {[%emt 0:06:38]} Qe7 {[%emt 0:04:26]} 11. Bd3 {[%emt 0:07:50]} Bb7 {[%emt 0:06:03]} 12. O-O {[%emt 0:03:35]} O-O-O {[%emt 0:01:43]} 13. a3 {[%emt 0:06:10]} (13. Nd2 $14) 13... Qe6 {[%emt 0:03:32]} (13... d5 $11 {keeps the balance.} 14. Qf5+ (14. Qxh7 Qxe5 15. Nd2 dxc4 $15) 14... Nd7) 14. b4 {[%emt 0:05:12]} Be7 {[%emt 0:00:21] [#]} 15. c5 $1 {[%emt 0:08:14]} Nd5 {[%emt 0:02:10]} 16. Bd2 {[%emt 0:02:30]} (16. Nd2 $16) 16... d6 {[%emt 0:09:35]} 17. cxd6 {[%emt 0:21:50]} cxd6 {[%emt 0:02:19]} 18. exd6 {[%emt 0:01:12]} Qxe4 {[%emt 0:04:22]} 19. Bxe4 {[%emt 0:00:31]} Bxd6 {[%emt 0:00:17]} 20. Nc3 {[%emt 0:01:24]} Nxc3 {[%emt 0:13:30]} 21. Bxc3 {[%emt 0:00:03]} Rde8 {[%emt 0:00:22]} 22. Bxh7 {[%emt 0:02:57]} Bxh2+ {[%emt 0:01:30]} 23. Kh1 {[%emt 0:02:25]} Rh8 {[%emt 0:01:02]} 24. Bf5+ {[%emt 0:00:59]} Kc7 {[%emt 0:02:34]} 25. Bxg7 {[%emt 0:01:11]} Be5+ {[%emt 0:04:36]} 26. Bxh8 {[%emt 0:00:01]} Rxh8+ {[%emt 0:00:06]} 27. Kg1 {[%emt 0:00:29]} Bh2+ {[%emt 0:00:23]} 28. Kh1 {[%emt 0:00:01]} Be5+ {[%emt 0:00:10]} 29. Bh3 {[%emt 0:00:34]} Bxa1 {[%emt 0:00:06]} 30. Rxa1 {[%emt 0:00:07]} Bc8 {[%emt 0:02:31]} 31. Kh2 {[%emt 0:00:38]} Be6 {[%emt 0:00:34]} 32. Kg3 {[%emt 0:00:56]} Bd5 {[%emt 0:00:41]} 33. f3 {[%emt 0:00:29]} Re8 {[%emt 0:01:17]} 34. Kf2 {[%emt 0:01:43]} Bc4 {[%emt 0:01:52]} 35. f4 {[%emt 0:06:22]} Re2+ {[%emt 0:02:26]} 36. Kf3 {[%emt 0:00:01]} Rd2 {[%emt 0:00:27]} 37. Ke3 {[%emt 0:01:03]} Rc2 {[%emt 0:00:35]} 38. Kd4 {[%emt 0:01:38]} Bd5 {[%emt 0:00:20]} 39. Kd3 {[%emt 0:00:55]} Rb2 {[%emt 0:03:37]} 40. Kd4 {[%emt 0:03:58]} Bxg2 {[%emt 0:01:26]} 41. Bxg2 {[%emt 0:00:00]} Rxg2 {[%emt 0:00:11]} 42. Ke5 {[%emt 0:00:18]} Rg6 {[%emt 0:05:23]} 43. f5 {[%emt 0:02:26]} Rd6 $1 {[%emt 0:02:30]} 44. f6 {[%emt 0:00:02]} Kd7 {[%emt 0:01:21]} 45. Ra2 {[%emt 0:05:13]} Rd5+ {[%emt 0:00:19]} 46. Ke4 {[%emt 0:00:04]} Ke6 {[%emt 0:00:18]} 47. Rf2 {[%emt 0:00:06]} Re5+ {[%emt 0:00:54]} 48. Kd4 {[%emt 0:00:43]} Rf5 {[%emt 0:01:34]} (48... a5 $11) 49. Rc2 {[%emt 0:00:02]} Kd6 {[%emt 0:01:28]} 50. Rc3 {[%emt 0:01:54]} Rxf6 {[%emt 0:00:20]} 51. Rc5 {[%emt 0:00:01]} Re6 {[%emt 0:01:55]} 52. Ra5 $11 {[%emt 0:01:05]} Re7 {[%emt 0:00:16]} 53. Rf5 1/2-1/2

[Event "FRA-ch Youth 2017"]
[Site "Belfort"]
[Date "2017.04.18"]
[Round "4"]
[White "Yuan, Beline"]
[Black "Randrianarimanana, Alicia"]
[Result "1/2-1/2"]
[WhiteElo "1845"]
[BlackElo "1636"]
[Annotator "NA RC"]
[PlyCount "71"]
[EventDate "2017.??.??"]
[EventCountry "FRA"]
[SourceTitle "playchess.com"]
[Source "ChessBase"]
[SourceQuality "1"]
[TimeControl "5400+30"]

{[%evp 17,69,2,0,-14,32767,32767,-76,-58,-20,-58,-39,-33,-43,-49,-41,-36,-47,-32,-28,-139,-45,-185,-185,-199,-237,-238,-8,-57,0,32767,0,0,20,-129,-142,-68,-147,-134,-129,-132,-144,-139,-150,-193,-64,-53,0,-207,0,32767,32767,-118,-120,-131]} 1. d4 {[%emt 0:00:03]} Nf6 {[%emt 0:00:07]} 2. c4 {[%emt 0:00:26]} g6 {[%emt 0:00:05]} 3. Nc3 {[%emt 0:00:31]} Bg7 {[%emt 0:00:04]} 4. e4 {[%emt 0:00:34]} O-O {[%emt 0:00:05]} 5. e5 {[%emt 0:01:17]} Ne8 {[%emt 0:00:41]} 6. f4 {[%emt 0:00:25]} d6 {[%emt 0:00:51]} 7. Nf3 {[%emt 0:00:24]} c5 {[%emt 0:01:13]} 8. dxc5 {[%emt 0:03:17]} Nc6 {[%emt 0:01:04]} 9. cxd6 {[%emt 0:01:59] LiveBook: 5 Games E70: King's Indian: Miscellaneous lines with 4 e4, including 5 Nge2 and 5 Bd3 0-0 6 Nge2} exd6 {[%emt 0:01:25]} 10. Be2 {[%emt 0:01:12]} Bg4 {[%emt 0:00:37]} 11. exd6 {[%emt 0:00:23]} Nxd6 {[%emt 0:03:16]} 12. O-O {[%emt 0:01:01]} (12. c5 Nf5 13. Qxd8 Raxd8 14. O-O Rfe8 {0-1 (42) Volkov,S (2630)-Wojtkiewicz,A (2564) Internet 2004}) 12... Bxf3 $146 {[%emt 0:12:49]} (12... Re8 $17 {White should prevent ...Qb6+.} 13. h3 Be6 14. Nd5 Na5 15. f5 Bxd5 16. cxd5 Nxf5 {0-1 (52) Lieb,H (2255)-Petrushin,A (2426) Dresden 2008}) 13. Rxf3 {[%emt 0:01:16]} Re8 {[%emt 0:04:26]} 14. Bf1 {[%emt 0:08:12]} Qb6+ {[%emt 0:16:02]} 15. Kh1 {[%emt 0:01:00]} Bxc3 {[%emt 0:03:57]} 16. bxc3 {[%emt 0:05:58]} Rad8 {[%emt 0:16:57]} 17. Qc2 {[%emt 0:10:58]} Na5 {[%emt 0:06:22]} 18. h3 {[%emt 0:17:40]} (18. Rb1 $15 Qc6 19. f5) 18... Ndxc4 {[%emt 0:03:45]} ({But not} 18... Re1 19. Rb1 Qc6 20. Be3 Rxb1 21. Qxb1) ({Black should play} 18... Naxc4 $17 {aiming for ...Re1.} 19. Rb1 Qc7) 19. f5 {[%emt 0:04:34]} (19. Rb1 $15 Qf6 20. Kh2) 19... Re1 {[%emt 0:09:59]} 20. fxg6 {[%emt 0:15:01]} hxg6 {[%emt 0:01:13]} ({Less strong is} 20... fxg6 21. Rb1 Qc5 {[#]} 22. Bg5 $1 {[%mdl 512]} Rxf1+ 23. Rbxf1 Qxg5 24. Qf2 $15) 21. Rb1 {[%emt 0:02:20]} Qxb1 $2 {[%emt 0:04:34]} (21... Qc5 $19 {Threatens to win with ...Rdd1.} 22. Bg5 {[#]} Rxf1+ $1 {[%mdl 512]} 23. Rfxf1 Qxg5) 22. Qxb1 {[%emt 0:00:26]} Rdd1 {[%emt 0:00:04]} 23. Kh2 {[%emt 0:01:20]} Rxc1 {[%emt 0:03:06]} 24. Qb5 {[%emt 0:00:19]} Nd2 {[%emt 0:02:20]} 25. Rf4 $2 {[%emt 0:04:42]} (25. Rxf7 $11 Kxf7 26. Qd5+ (26. Qd7+ Re7 27. Qd5+ Kf8 28. Qd8+ Kf7 29. Qd5+ Kg7 30. Qd4+ Kg8 31. Qd8+ Kf7 32. Qd5+ $11) 26... Kg7 27. Qd4+ Kh7 28. Qd7+ Kg8 29. Qxd2) 25... Nxf1+ {[%emt 0:00:34]} 26. Rxf1 {[%emt 0:00:17]} Rxf1 {[%emt 0:00:08]} 27. Qxa5 {[%emt 0:01:36] [#]} b6 $1 {[%emt 0:02:55]} 28. Qxa7 {[%emt 0:04:18]} Rh1+ {[%emt 0:00:06]} ({Worse is} 28... Rxc3 29. Qxb6 Ra3 30. Qd8+ Kg7 31. Qd5 $11) 29. Kg3 {[%emt 0:00:19]} Rxc3+ {[%emt 0:00:04]} 30. Kh4 {[%emt 0:02:13] [#]} Rc4+ $2 {[%emt 0:03:25]} (30... Re1 $1 $19 {[%cal Re1e4] Threatens to win with ...Re4+.} 31. Kg5 Re5+ 32. Kf4 Rf5+ 33. Ke4 Rc2) 31. Kg3 $1 {[%emt 0:06:08]} Rc3+ {[%emt 0:00:28]} (31... Rb1 $17 32. Qb8+ Kg7) 32. Kh4 {[%emt 0:00:16]} Rc4+ $11 {[%emt 0:00:04]} 33. g4 {[%emt 0:00:42]} Rb1 {[%emt 0:01:21]} 34. Qb8+ {[%emt 0:00:35]} Kg7 {[%emt 0:00:25]} 35. Qe5+ {[%emt 0:00:10]} Kh7 {[%emt 0:00:25]} 36. Qe7 1/2-1/2

[Event "FRA-ch Youth 2017"]
[Site "Belfort"]
[Date "2017.04.18"]
[Round "4"]
[White "Candelot, Clement"]
[Black "Warnier, Yanis"]
[Result "1-0"]
[WhiteElo "1839"]
[BlackElo "1526"]
[Annotator "NA RC"]
[PlyCount "45"]
[EventDate "2017.??.??"]
[EventCountry "FRA"]
[SourceTitle "playchess.com"]
[Source "ChessBase"]
[SourceQuality "1"]
[TimeControl "5400+30"]

{[%evp 8,44,28,32767,32767,32767,32767,32767,32767,32767,32767,32767,32767,32767,18,32767,71,70,65,21,5,0,6,0,15,16,25,-7,0,0,0,-12,-15,-16,-16,-20,-14,-29,-1]} 1. e4 {[%emt 0:00:00]} e5 {[%emt 0:00:07]} 2. Nf3 {[%emt 0:00:00]} Nc6 {[%emt 0:00:07]} 3. Bc4 {[%emt 0:00:27]} Bc5 {[%emt 0:00:11]} 4. c3 {[%emt 0:00:22]} Nf6 {[%emt 0:00:15]} 5. d4 {[%emt 0:00:47]} exd4 {[%emt 0:00:16]} 6. cxd4 {[%emt 0:00:06]} Bb4+ {[%emt 0:00:04]} 7. Bd2 {[%emt 0:01:11]} Nxe4 {[%emt 0:04:58]} 8. Bxb4 {[%emt 0:01:07]} Nxb4 {[%emt 0:00:19]} 9. Bxf7+ {[%emt 0:01:55]} Kxf7 {[%emt 0:01:36]} 10. Qb3+ {[%emt 0:00:09]} d5 {[%emt 0:01:21]} 11. Ne5+ {[%emt 0:00:59] C54: Giuoco Piano: 4 c3 Nf6, main lines with 5 d4 and 5 d3} Ke7 {[%emt 0:06:42]} (11... Ke6 $11 {keeps the balance.} 12. Qxb4 c5 (12... Qf8 13. Qxf8 Rxf8 14. f3 Ng5 15. Nc3 c6 16. h4 Nf7 17. Nd3 Kd6 18. Kf2 Nd8 {½-½ (55) Hou,Y (2673)-Aronian,L (2797) Wijk aan Zee 2015})) 12. Qxb4+ Qd6 {[%emt 0:00:21]} 13. Qxd6+ {[%emt 0:04:39]} (13. Qb3 $16) 13... Nxd6 {[%emt 0:00:23]} 14. Nc3 {[%emt 0:03:09]} c6 {[%emt 0:08:11]} 15. O-O {[%emt 0:06:39]} Re8 {[%emt 0:00:17]} 16. Rfe1 {[%emt 0:09:45]} Kf8 {[%emt 0:03:00]} 17. b4 $146 {[%emt 0:06:50]} (17. Re3 Nf5 18. Rf3 Kg8 {1-0 (59) Saak,S-Gahn,C Lingen 2002}) 17... Be6 {[%emt 0:07:16]} 18. Rab1 {[%emt 0:08:57]} Bf5 {[%emt 0:12:17]} 19. Rb2 {[%emt 0:07:12]} Nc4 {[%emt 0:02:01]} 20. Rbe2 {[%emt 0:00:53]} Nxe5 {[%emt 0:00:29]} 21. Rxe5 {[%emt 0:00:19]} Rxe5 {[%emt 0:04:44]} 22. Rxe5 {[%emt 0:00:52]} Re8 $11 {[%emt 0:00:30]} (22... Bd3) 23. Rxf5+ {[%emt 0:00:30]} 1-0